Famous People Born in May Quiz Stats

 Plays Quiz Updated Apr 27, 2018

Score 0/30 Timer 07:00
4 Plays Today
% Correct
George Clooney
94.5%
John Kennedy
93.5%
Mr. T
88.1%
Dwayne 'The Rock' Johnson
86.9%
Bono
86.6%
Stevie Wonder
83.3%
David Beckham
82.8%
Audrey Hepburn
81.2%
Clint Eastwood
80.9%
Cher
80.6%
Adele
80.2%
Mark Zuckerberg
77.3%
Tina Fey
76.8%
Janet Jackson
76.3%
James Brown
72.3%
% Correct
Bob Dylan
69%
Stephen Colbert
65.6%
Helena Bonham Carter
58.9%
Megan Fox
58.9%
Tony Hawk
57.5%
The Notorious B.I.G.
56.2%
Salvador Dalí
55.6%
Sir Ian McKellen
48.2%
Karl Marx
40.9%
Sid Vicious
40.5%
Orson Welles
40.1%
Kylie Minogue
38.4%
Johnny Unitas
30.3%
Eva Perón
14.6%
Sir Arthur Conan Doyle
4.8%

You're not logged in!

Compare scores with friends on all Sporcle quizzes.
OR
Log In

Sporcle TV

Today on Sporcle TV


Watch our educational content, quiz creation guides, and fun videos on Sporcle TV.

Show Comments

Extras

Top Quizzes Today


Score Distribution

Your Account Isn't Verified!

In order to create a playlist on Sporcle, you need to verify the email address you used during registration. Go to your Sporcle Settings to finish the process.

Report this User

Report this user for behavior that violates our Community Guidelines.

Details: